Comarcas de Cantabria en un Mapa - Estadísticas

Estadísticas generales
  • Esta prueba ha sido intentada 22 veces
  • La puntuación promedio es 5 de 10
Respuestas en el mapa
Las respuestas están codificadas por una escala verde-roja en el mapa de la prueba según el % correcto abajo.
 
Estadísticas de respuestas
Comarcas % Correcto
Santander
93%
Campoo-Los Valles
53%
Costa Occidental
53%
Costa Oriental
53%
Liébana
47%
Trasmiera
40%
Valles Pasiegos
40%
Asón-Agüera
33%
Saja-Nansa
33%
Besaya
27%
No se encontraron pruebas coincidentes
Distribución de puntuación
Porcentaje de gente con cada puntuación
Porcentaje por número respondido
Historial de tus puntuaciones
No has intentado esta prueba.